Near infrared reflectance spectroscopy (NIRS)
Saved in:
| Other Authors: | |
|---|---|
| Format: | Book |
| Language: | English |
| Published: |
Washington
United States Department of Agriculture
1985
|
| Series: | Analysis of force quality
|
| Tags: |
No Tags, Be the first to tag this record!
|
MARC
| LEADER | 00000nam a2200000 4500 | ||
|---|---|---|---|
| 001 | c110910 | ||
| 005 | 20190205123032.1 | ||
| 041 | 0 | |a eng | |
| 044 | |a US | ||
| 245 | 1 | 0 | |a Near infrared reflectance spectroscopy (NIRS) |c Ed. G.C. Barten |
| 264 | 1 | |a Washington |b United States Department of Agriculture |c 1985 | |
| 300 | |a 95 s. | ||
| 490 | 1 | |a Analysis of force quality | |
| 830 | 0 | |a Analysis of force quality | |
| 700 | 1 | |a Barten, G.C. | |